<?xml version="1.0" encoding="UTF-8"?>
<record
    xmlns:xsi="http://www.w3.org/2001/XMLSchema-instance"
    xsi:schemaLocation="http://www.loc.gov/MARC21/slim http://www.loc.gov/standards/marcxml/schema/MARC21slim.xsd"
    xmlns="http://www.loc.gov/MARC21/slim">

  <leader>01580cas a2200325 i 4500</leader>
  <controlfield tag="001">49236</controlfield>
  <controlfield tag="003">BD-RjUL</controlfield>
  <controlfield tag="005">20211209054643.0</controlfield>
  <controlfield tag="008">160818s1963    dcu x   s    f0   a0eng c</controlfield>
  <datafield tag="035" ind1=" " ind2=" ">
    <subfield code="a">BD-RjUL49355</subfield>
  </datafield>
  <datafield tag="040" ind1=" " ind2=" ">
    <subfield code="a">TxDaM-L</subfield>
    <subfield code="b">eng</subfield>
    <subfield code="c">TxDaM-L</subfield>
    <subfield code="d">OCoLC</subfield>
    <subfield code="d">MH</subfield>
    <subfield code="d">DLC</subfield>
    <subfield code="d">MH-L</subfield>
    <subfield code="d">DLC</subfield>
    <subfield code="d">OCoLC</subfield>
    <subfield code="d">MiU-L</subfield>
    <subfield code="d">KRTAS</subfield>
    <subfield code="d">OCoLC</subfield>
    <subfield code="d">OCLCF</subfield>
    <subfield code="d">OCoLC</subfield>
    <subfield code="d">WaSeSS</subfield>
  </datafield>
  <datafield tag="041" ind1=" " ind2=" ">
    <subfield code="a">eng</subfield>
  </datafield>
  <datafield tag="082" ind1=" " ind2=" ">
    <subfield code="2">22</subfield>
    <subfield code="a">341.0262 </subfield>
    <subfield code="b">TRE 1963 </subfield>
  </datafield>
  <datafield tag="110" ind1="1" ind2=" ">
    <subfield code="a">United States.</subfield>
    <subfield code="9">147966</subfield>
  </datafield>
  <datafield tag="245" ind1="1" ind2="0">
    <subfield code="a">Treaty series :</subfield>
    <subfield code="b">Treaties and international agreements registered or field and recorded with the secretariat of the united nations / </subfield>
  </datafield>
  <datafield tag="260" ind1=" " ind2=" ">
    <subfield code="a">New york :</subfield>
    <subfield code="b">United Nations.,</subfield>
    <subfield code="c">1963 </subfield>
  </datafield>
  <datafield tag="300" ind1=" " ind2=" ">
    <subfield code="a">441 p. :</subfield>
    <subfield code="b">ill. ; </subfield>
    <subfield code="c">23 cm.</subfield>
  </datafield>
  <datafield tag="506" ind1=" " ind2=" ">
    <subfield code="a">Access limited to subscribers.</subfield>
  </datafield>
  <datafield tag="580" ind1=" " ind2=" ">
    <subfield code="a">Merged with: United States. Treaties (Executive agreements series). Executive agreements series; to form: United States. Treaties (Treaties and other international acts series). Treaties and other international acts series.</subfield>
  </datafield>
  <datafield tag="650" ind1=" " ind2="7">
    <subfield code="a">Treaty series (United Nations) </subfield>
    <subfield code="x"> Indexes.</subfield>
    <subfield code="9">147963</subfield>
  </datafield>
  <datafield tag="655" ind1=" " ind2="0">
    <subfield code="a">Electronic journals.</subfield>
    <subfield code="9">119121</subfield>
  </datafield>
  <datafield tag="776" ind1="1" ind2=" ">
    <subfield code="t">Treaty series</subfield>
    <subfield code="w">(DLC)32009417</subfield>
  </datafield>
  <datafield tag="785" ind1="1" ind2="7">
    <subfield code="a">United States.</subfield>
    <subfield code="t">Executive agreement series</subfield>
    <subfield code="w">(DLC)sn 95030638</subfield>
    <subfield code="w">(OCoLC)16915693</subfield>
  </datafield>
  <datafield tag="785" ind1="1" ind2="7">
    <subfield code="a">United States.</subfield>
    <subfield code="t">Treaties and other international acts series</subfield>
    <subfield code="x">0083-0816</subfield>
    <subfield code="w">(DLC)   46006169</subfield>
    <subfield code="w">(OCoLC)1774183</subfield>
  </datafield>
  <datafield tag="856" ind1="4" ind2="0">
    <subfield code="u">http://www.columbia.edu/cgi-bin/cul/resolve?clio9608671</subfield>
    <subfield code="z">Full text available from HeinOnline U.S. Treaties and Agreements Library</subfield>
  </datafield>
  <datafield tag="942" ind1=" " ind2=" ">
    <subfield code="2">ddc</subfield>
    <subfield code="c">BK</subfield>
  </datafield>
  <datafield tag="999" ind1=" " ind2=" ">
    <subfield code="c">49236</subfield>
    <subfield code="d">49236</subfield>
  </datafield>
  <datafield tag="952" ind1=" " ind2=" ">
    <subfield code="0">0</subfield>
    <subfield code="1">0</subfield>
    <subfield code="2">ddc</subfield>
    <subfield code="4">0</subfield>
    <subfield code="7">0</subfield>
    <subfield code="8">NFIC</subfield>
    <subfield code="a">RUCL</subfield>
    <subfield code="b">RUCL</subfield>
    <subfield code="c">Stack</subfield>
    <subfield code="d">1970-12-11</subfield>
    <subfield code="e">Sweets &amp; Zeetlinger</subfield>
    <subfield code="g">35.00</subfield>
    <subfield code="l">0</subfield>
    <subfield code="o">341.0262  TRE 1963</subfield>
    <subfield code="r">2016-08-18 00:00:00</subfield>
    <subfield code="t">C-2</subfield>
    <subfield code="w">2016-08-18</subfield>
    <subfield code="y">BK</subfield>
  </datafield>
</record>
